| 000 | 01343nam a2200373 c 4500 | ||
|---|---|---|---|
| 001 | 58788 | ||
| 003 | CO-BoRNBP | ||
| 005 | 20250828143936.0 | ||
| 007 | ta | ||
| 008 | 210803r19982019ck a br 000 ddspa d | ||
| 020 | _a9789583004346 | ||
| 040 |
_aCO-BoRNBP _bspa _erda _cCO-BoRNBP |
||
| 041 | 0 | _aspa | |
| 043 | _as-ck--- | ||
| 084 | _aT | ||
| 100 | 1 |
_aArciniegas, Triunfo _d1957- _eaut _931 |
|
| 245 | 1 | 0 |
_aMambrú se fue a la guerra / _cTriunfo Arciniegas ; ilustrado por Esperanza Vallejo. |
| 250 |
_aPrimera edición _bDécimo primera reimpresión |
||
| 264 | 1 |
_aBogotá, Colombia : _bPanamericana Editorial, _c2019 |
|
| 300 |
_a66 páginas : _bilustraciones a color |
||
| 336 |
_atexto _btxt _2rdacontenido |
||
| 337 |
_asin mediación _bn _2rdamedio |
||
| 338 |
_avolumen _bnc _2rdasoporte |
||
| 490 | 0 |
_aPrimer acto _aTeatro infantil y juvenil |
|
| 500 | _aIncluye datos biográficos del autor al final del texto | ||
| 500 | _aObra en 4 actos | ||
| 521 | 1 | _aRecomendado para un público infantil mayor de 8 años | |
| 650 | 0 | 7 |
_aCanciones infantiles en la literatura _2lemb _960653 |
| 650 | 0 | 4 |
_aTeatro infantil colombiano _ySiglo XX _vAtlas _2LEMB _963992 |
| 650 | 0 | 4 |
_aLiteratura infantil colombiana _ySiglo XX _2LEMB _9364 |
| 655 |
_aAtlas _963993 |
||
| 700 |
_aVallejo Jaramillo, Esperanza _eill _960655 |
||
| 942 |
_2loc _cBKLITI |
||
| 999 |
_c58788 _d58788 |
||